If the wind blew / (Record no. 3954)
[ view plain ]
| 000 -LEADER | |
|---|---|
| fixed length control field | 00824nam a22002777a 4500 |
| 001 - CONTROL NUMBER | |
| control field | 3558576 |
| 003 - CONTROL NUMBER IDENTIFIER | |
| control field | GZU |
| 005 - DATE AND TIME OF LATEST TRANSACTION | |
| control field | 20210310144347.0 |
| 008 - FIXED-LENGTH DATA ELEMENTS--GENERAL INFORMATION | |
| fixed length control field | 971023s1996 rh a 000 0 eng |
| 010 ## - LIBRARY OF CONGRESS CONTROL NUMBER | |
| LC control number | 97982966 |
| 020 ## - INTERNATIONAL STANDARD BOOK NUMBER | |
| International Standard Book Number | 177900253X |
| 040 ## - CATALOGING SOURCE | |
| Original cataloging agency | DLC |
| Transcribing agency | DLC |
| 042 ## - AUTHENTICATION CODE | |
| Authentication code | lcode |
| 050 00 - LIBRARY OF CONGRESS CALL NUMBER | |
| Classification number | PR9390 MAD 1996 |
| 100 1# - MAIN ENTRY--PERSONAL NAME | |
| Personal name | Madanhire, Nevanji, |
| Dates associated with a name | 1961- |
| Relator term | author |
| 245 10 - TITLE STATEMENT | |
| Title | If the wind blew / |
| Statement of responsibility, etc. | Nevanji Madanhire. |
| 260 ## - PUBLICATION, DISTRIBUTION, ETC. | |
| Place of publication, distribution, etc. | Harare : |
| Name of publisher, distributor, etc. | College Press, |
| Date of publication, distribution, etc. | 1996. |
| 300 ## - PHYSICAL DESCRIPTION | |
| Extent | 108 p. : |
| Other physical details | ill. ; |
| Dimensions | 21 cm. |
| 490 1# - SERIES STATEMENT | |
| Series statement | Modern writers |
| 500 ## - GENERAL NOTE | |
| General note | Modern writers (Harare, Zimbabwe) |
| 650 ## - SUBJECT ADDED ENTRY--TOPICAL TERM | |
| Source of heading or term | If the wind blew - English novel |
| 830 #0 - SERIES ADDED ENTRY--UNIFORM TITLE | |
| Uniform title | Modern writers (Harare, Zimbabwe) |
| 906 ## - LOCAL DATA ELEMENT F, LDF (RLIN) | |
| a | 7 |
| b | cbc |
| c | origode |
| d | u |
| e | ncip |
| f | 19 |
| g | y-gencatlg |
| 942 ## - ADDED ENTRY ELEMENTS (KOHA) | |
| Source of classification or shelving scheme | Library of Congress Classification |
| Koha item type | Books |
| Classification part | 9390 |
| Item part | MAD |
| Call number prefix | PR |
| Withdrawn status | Lost status | Damaged status | Not for loan | Collection code | Home library | Current library | Shelving location | Date acquired | Inventory number | Total Checkouts | Full call number | Barcode | Date last seen | Copy number | Price effective from | Koha item type |
|---|---|---|---|---|---|---|---|---|---|---|---|---|---|---|---|---|
| Fiction | City Campus Library | City Campus Library | General Stacks | 03/10/2021 | 22244 | PR9390 MAD 1996 | 000911 | 03/10/2021 | c.1 | 03/10/2021 | Books | |||||
| Fiction | City Campus Library | City Campus Library | General Stacks | 03/15/2021 | 22241 | PR9390 MAD 1996 | 000914 | 03/15/2021 | c.2 | 03/15/2021 | Books | |||||
| Fiction | City Campus Library | City Campus Library | General Stacks | 03/17/2015 | 2142 | PR9390 MAD 1996 | G22335 | 03/17/2021 | c.3 | 03/17/2021 | Books | |||||
| Fiction | Mashava Campus Library | Mashava Campus Library | General Stacks | 05/20/2021 | PR9390 MAD 1996 | 000910 | 05/20/2021 | c.4 | 05/20/2021 | Books | ||||||
| Fiction | Mashava Campus Library | Mashava Campus Library | General Stacks | 05/20/2021 | PR9390 MAD 1996 | 000915 | 05/20/2021 | c.5 | 05/20/2021 | Books |